Perdana Putra : Satu Penghayatan Kerja Seni Bina & Hiasan Dalaman

Bibliographic Details
Format: Book
Published: Putrajaya Holdings : 2001
Subjects:

MARC

LEADER 00000cam a2200000 7i4500
001 0000012955
005 20050419.0
020 |a 9834003218 
040 |a INS 
090 0 0 |a NA2850.   |b P87 2001 
245 1 0 |a Perdana Putra :   |b Satu Penghayatan Kerja Seni Bina & Hiasan Dalaman   |c Perjabat Perdana Menteri Malaysia 
260 |a Putrajaya Holdings :   |b 2001 
300 |a 187p :   |b 30cm 
650 0 0 |a Interior Architecture 
999 |a 0000011453   |b BOOK   |c Open Shelf   |e Default branch